| 000 | 00704cam a22002533a 4500 | ||
|---|---|---|---|
| 001 | 18168 | ||
| 003 | PGUSA | ||
| 005 | 20140828083403.0 | ||
| 008 | 060414s2006||||xxu|||||s|||||000 | eng d | ||
| 040 |
_aPGUSA _beng |
||
| 042 | _adc | ||
| 050 | 4 | _aBT | |
| 100 | 1 |
_aNaville, Ernest, _d1816-1909 |
|
| 245 | 1 | 4 |
_aThe Heavenly Father : _bLectures on Modern Atheism _h[electronic resource] / _cErnest Naville |
| 260 |
_bProject Gutenberg, _c2006 |
||
| 506 | _aPublic domain in the USA. | ||
| 516 | _aElectronic text | ||
| 653 | _aGod -- Proof | ||
| 653 | _aAtheism | ||
| 700 | 1 | _aDownton, Henry | |
| 830 | 0 |
_aProject Gutenberg _v18168 |
|
| 856 | 4 | 0 | _uhttp://www.gutenberg.org/ebooks/18168 |
| 942 | _cEB | ||
| 999 |
_c247423 _d247423 |
||